00808nam a2200193 a 450000100100000000500170001000800410002702000180006804000250008610000230011124500550013426000390018930000280022859000260025695201050028295201050038795201050049299900170059700004760220201002060630.0180704s2017 dr a 000 spa d a9789945609165 aDO-SdBNPbspacBNPHU1 aZoia, Luigi975237 0aCaer siete veces...levantarse ocho. /cLuigi Zoia. aSanto Domingo :bSantuario,c2017. a273 p. :bil. ;c24 cm. aInventariado, 2108/DG 0010718PDaGRbGRcHDd2018-07-04iLF1l0o p47602-30r2020-06-25w2020-06-25yLFPDZNo se presta 0010718PDaPDbPDcHDd2018-07-04iLF1l0o p47602-10r2020-06-25w2020-06-25yLFPDZNo se presta 0010718PDaPDbPDcHDd2018-07-04iLF1l0o p47602-20r2020-06-25w2020-06-25yLFPDZNo se presta c47090d47090